• 首页
  • 本馆介绍
  • 公告通知
  • 最新文献
  • 馆藏检索
  • 电子资源
  • 读者导购
  • 参考咨询
  • 我的图书馆
  • 登录
  • 详细信息显示
  • 放入我的书架
  • 预约/预借图书
  • 作者相关作品
  • 分类相关作品
  • 丛书相关作品
  • 出版社相关作品

书目信息

  • 表格格式
  • 工作单格式
  • 卡片格式
题名:
扬州十日记
    
 
作者: ;中国历史研究社 编
分册:  
出版信息: 上海   上海书店  1982
页数: 269页
开本: 19cm
丛书名: 中国历史研究资料丛书
单 册:
中图分类: K248.306 , K06
科图分类:
主题词: 史料--中国--明代 , 历史--研究
电子资源:
ISBN:
000 00688nam2 2200253 45
001 1562271562
005 20150128081937.26
010    @dCNY0.92
100    @a19950621d1982 em y0chiy0121 ea
101 0  @achi
102    @aCN@b310000
105    @ay z 000yy
200 10 @a扬州十日记@Ayang zhou shi ri ji@f中国历史研究社编
210    @a上海@c上海书店@d1982
215    @a269页@d19cm
225 2  @a中国历史研究资料丛书
410  0 @120010@a中国历史研究资料丛书
606    @a史料@y中国@z明代
606 0  @a历史@x研究
690    @aK248.306@v3
690    @aK06@v4
711 02 @a中国历史研究社@Azhong guo li shi yan jiu she@4编
801  0 @aCN@bTSSF@c20150128
905    @aZUCC@dK06@eJY12
    
    扬州十日记/中国历史研究社编.-上海:上海书店,1982
    269页;19cm.-(中国历史研究资料丛书)
    
    
    ISBN :CNY0.92
    
●
相关链接 在E读中查询图书 在五车中查询图书 在当当中查询图书 在豆瓣中查询图书


正题名:扬州十日记     索取号:K06/JY12         预约/预借

序号 登录号 条形码 馆藏地/架位号 状态 备注
1 7856048   278560488   学院路分馆/ [索取号:K06/JY12] 在馆    
唐山师范学院图书馆 欢迎您!
大连网信软件有限公司© 版权所有